|
|
|
|
| LEADER |
00000naa a22000002c 4500 |
| 001 |
1786374560 |
| 003 |
DE-627 |
| 005 |
20220118160334.0 |
| 007 |
tu |
| 008 |
220118s2017 xx ||||| 00| ||ger c |
| 035 |
|
|
|a (DE-627)1786374560
|
| 035 |
|
|
|a (DE-599)KXP1786374560
|
| 040 |
|
|
|a DE-627
|b ger
|c DE-627
|e rda
|
| 041 |
|
|
|a ger
|
| 084 |
|
|
|a 1
|2 ssgn
|
| 100 |
1 |
|
|e VerfasserIn
|0 (DE-588)124256457
|0 (DE-627)08574123X
|0 (DE-576)161656838
|4 aut
|a Karrer, Martin
|d 1954-
|
| 109 |
|
|
|a Karrer, Martin 1954-
|
| 245 |
1 |
0 |
|a Zähne: eine Kultur- und Kunstgeschichte, Teil 6 u 7
|b von der Spätgotik bis zur Spätrenaissance : neue Entdeckungen
|
| 264 |
|
1 |
|c 2017
|
| 336 |
|
|
|a Text
|b txt
|2 rdacontent
|
| 337 |
|
|
|a ohne Hilfsmittel zu benutzen
|b n
|2 rdamedia
|
| 338 |
|
|
|a Band
|b nc
|2 rdacarrier
|
| 601 |
|
|
|a Kunstgeschichte
|
| 601 |
|
|
|a Entdecker
|
| 773 |
0 |
8 |
|i Enthalten in
|t Deutsche zahnärztliche Zeitschrift
|d Köln : Deutscher Ärzte-Verlag, 1946
|g 72(2017), Seite 232-253
|w (DE-627)167353519
|w (DE-600)504843-6
|w (DE-576)015648230
|x 0012-1029
|7 nnas
|
| 773 |
1 |
8 |
|g volume:72
|g year:2017
|g pages:232-253
|
| 951 |
|
|
|a AR
|
| ELC |
|
|
|b 1
|
| ITA |
|
|
|a 1
|t 1
|
| LOK |
|
|
|0 000 xxxxxcx a22 zn 4500
|
| LOK |
|
|
|0 001 4037843536
|
| LOK |
|
|
|0 003 DE-627
|
| LOK |
|
|
|0 004 1786374560
|
| LOK |
|
|
|0 005 20220118160253
|
| LOK |
|
|
|0 008 220118||||||||||||||||ger|||||||
|
| LOK |
|
|
|0 040
|a DE-Tue135
|c DE-627
|d DE-Tue135
|
| LOK |
|
|
|0 092
|o n
|
| LOK |
|
|
|0 852
|a DE-Tue135
|
| LOK |
|
|
|0 852 1
|9 00
|
| LOK |
|
|
|0 866
|x #152
|
| LOK |
|
|
|0 866
|x Erfassung nach Autorenmeldung
|
| LOK |
|
|
|0 935
|a ixzs
|a ixzx
|
| LOK |
|
|
|0 939
|a 18-01-22
|b l01
|
| ORI |
|
|
|a SA-MARC-ixtheoa001.raw
|